Oasis Albums - Statistics

General Stats
  • This quiz has been taken 2,170 times
  • The average score is 7 of 10
Answer Stats
Year Answer % Correct
1995 What's the Story (Morning Glory?)
98%
1994 Definitely Maybe
91%
1997 Be Here Now
83%
2000 Standing on the Shoulder of Giants
82%
2002 Heathen Chemistry
76%
2008 Dig Out Your Soul
64%
2005 Don't Believe the Truth
62%
2006 Stop the Clocks
45%
2010 Time Flies... 1994-2009
45%
2000 Familiar to Millions
43%
No matching quizzes found
Score Distribution
Percent of People with Each Score
Percentile by Number Answered
Your Score History
You have not taken this quiz